<?xml version="1.0" encoding="UTF-8"?><?xml-stylesheet type="text/xsl" href="static/style.xsl"?><OAI-PMH xmlns="http://www.openarchives.org/OAI/2.0/" xmlns:xsi="http://www.w3.org/2001/XMLSchema-instance" xsi:schemaLocation="http://www.openarchives.org/OAI/2.0/ http://www.openarchives.org/OAI/2.0/OAI-PMH.xsd"><responseDate>2026-04-27T21:34:55Z</responseDate><request verb="GetRecord" identifier="oai:uvadoc.uva.es:10324/31422" metadataPrefix="marc">https://uvadoc.uva.es/oai/request</request><GetRecord><record><header><identifier>oai:uvadoc.uva.es:10324/31422</identifier><datestamp>2021-06-29T22:23:34Z</datestamp><setSpec>com_10324_38</setSpec><setSpec>col_10324_852</setSpec></header><metadata><record xmlns="http://www.loc.gov/MARC21/slim" xmlns:doc="http://www.lyncode.com/xoai" xmlns:xsi="http://www.w3.org/2001/XMLSchema-instance" xmlns:dcterms="http://purl.org/dc/terms/" xsi:schemaLocation="http://www.loc.gov/MARC21/slim http://www.loc.gov/standards/marcxml/schema/MARC21slim.xsd">
<leader>00925njm 22002777a 4500</leader>
<datafield tag="042" ind1=" " ind2=" ">
<subfield code="a">dc</subfield>
</datafield>
<datafield tag="720" ind1=" " ind2=" ">
<subfield code="a">Hernanz Aguayo, Lorena</subfield>
<subfield code="e">author</subfield>
</datafield>
<datafield tag="260" ind1=" " ind2=" ">
<subfield code="c">2018</subfield>
</datafield>
<datafield tag="520" ind1=" " ind2=" ">
<subfield code="a">La implantación de una auténtica cultura preventiva es una asignatura pendiente en&#xd;
nuestra sociedad. Aun así, el interés por llegar a hacerla realidad ha ido en aumento y&#xd;
para ello se buscan las mejores herramientas. Actualmente vivimos en la sociedad de la&#xd;
información, caracterizada por el uso cada vez más generalizado de las nuevas&#xd;
tecnologías de la información y de la comunicación, las cuales han modificado y&#xd;
revolucionado la mayoría de las actividades humanas en general y de manera específica&#xd;
la educación.&#xd;
Es por ello que las TIC, que tienen un gran potencial para divulgar conocimiento y&#xd;
fomentar un aprendizaje más efectivo, se presentan como el instrumento ideal para&#xd;
trasmitir cultura preventiva. Por tanto, tenemos ante nosotros una herramienta de&#xd;
transmisión de conocimiento ideal, que debemos de aprovechar.</subfield>
</datafield>
<datafield tag="024" ind2=" " ind1="8">
<subfield code="a">http://uvadoc.uva.es/handle/10324/31422</subfield>
</datafield>
<datafield ind1=" " ind2=" " tag="653">
<subfield code="a">Seguridad en el trabajo</subfield>
</datafield>
<datafield tag="245" ind1="0" ind2="0">
<subfield code="a">Divulgación de la cultura de prevención de riesgos laborales a través de las TIC</subfield>
</datafield>
</record></metadata></record></GetRecord></OAI-PMH>